Countries of the World with Weirder Facts - Statistics

General Stats
  • This quiz has been taken 14 times
  • The average score is 5 of 12
Answer Stats
Hint Answer % Correct
Created plans to raid the Netherlands for Covid Vaccines United Kingdom
85%
Same question as the last but it's in Asia Nepal
77%
Doesn't recognize China or Taiwan as a country, thus having a No-China Policy Bhutan
69%
Had a war with Mexico over a bakery France
69%
Natives of this now-existent country gave the land called Sarawak to a weird gay British man Brunei
54%
Has a world renowned "Phallological Museum" Iceland
46%
13% of the population were men after a brutal war Paraguay
31%
Has a Government Position called "Minister for Women" Australia
23%
First recognized by Romania after independence Guinea-Bissau
23%
European country with a (former) democratically elected Communist Government San Marino
23%
Became the third African country to be malaria-free Cape Verde
15%
All individuals under 50 in this country must serve in the military indefinitely until they are told to leave Eritrea
15%
No matching quizzes found
Score Distribution
Percent of People with Each Score
Percentile by Number Answered
Your Score History
You have not taken this quiz